LEADER 01259nam0-2200361---450- 001 990009998990403321 005 20151006140312.0 010 $a978-88-88745-12-1 035 $a000999899 035 $aFED01000999899 035 $a(Aleph)000999899FED01 035 $a000999899 100 $a20150922d2008----km-y0itay50------ba 101 0 $aita 102 $aIT 105 $aa-------101yy 200 1 $aAtti del convegno "La scuola che vorrei"$einterventi integrati per contrastare la dispersione e l'abbandono scolastico : 19-20 settembre 2007, Liceo Scientifico Galileo Galilei, Trieste 210 $aTrieste$cGoliardica$d2008 215 $a179 p.$d23 cm 225 1 $aIncontri$v1 300 $aIn testa al front.: Provincia di Trieste, Assessorato alle politiche educative, Centro servizi provinciale, Osservatorio sulla scolarità 517 1 $a<>scuola che vorrei 610 0 $aInsuccesso scolastico 676 $a370.15$v22$zita 712 02$aTrieste 801 0$aIT$bUNINA$gREICAT$2UNIMARC 901 $aBK 912 $a990009998990403321 952 $aIX A 1344$b422/2015$fFSPBC 952 $aIX A 1345$b423/2015$fFSPBC 959 $aFSPBC 996 $aAtti del convegno "La scuola che vorrei"$91499242 997 $aUNINA LEADER 01347nam 2200397 450 001 996280829703316 005 20231206214253.0 010 $a1-5044-0406-8 024 7 $a10.1109/IEEESTD.1928.7431955 035 $a(CKB)3710000000613068 035 $a(NjHacI)993710000000613068 035 $a(EXLCZ)993710000000613068 100 $a20231206d1928 uy 0 101 0 $aeng 135 $aur||||||||||| 181 $ctxt$2rdacontent 182 $cc$2rdamedia 183 $acr$2rdacarrier 200 10$aAIEE No 63-1928 $eAIEE Specifications of 30 percent Rubber Insulation for Wire and Cable for General Purposes /$fInstitute of Electrical and Electronics Engineers 210 1$aPiscataway, NJ, USA :$cIEEE,$d1928. 215 $a1 online resource (12 pages) 330 $aThese specifications apply to the insulation of electric wire and cable of the grade known as 30 per cent Hevea rubber. 517 $aAIEE No 63-1928 606 $aRubber, Artificial 606 $aElectric cables--Insulation 606 $aElectric wire, Insulated 615 0$aRubber, Artificial. 615 0$aElectric cables--Insulation. 615 0$aElectric wire, Insulated. 676 $a678 801 0$bNjHacI 801 1$bNjHacl 906 $aDOCUMENT 912 $a996280829703316 996 $aAIEE No 63-1928$93646572 997 $aUNISA